Cómo organizar la clase
Guardat en:
| Format: | Llibre |
|---|---|
| Idioma: | espanyol |
| Publicat: |
Barcelona
Ceac
1989
|
| Matèries: | |
| Etiquetes: |
Afegir etiqueta
Sense etiquetes, Sigues el primer a etiquetar aquest registre!
|
MARC
| LEADER | 00000nam a2200000 a 4500 | ||
|---|---|---|---|
| 001 | UCY1099 | ||
| 003 | CL-VaPUC | ||
| 008 | 940820e19890000SP |||||||||||||||||spa|d | ||
| 082 | 0 | 4 | |a 371.1024 |b COM |2 21 |
| 245 | 1 | 0 | |a Cómo organizar la clase |
| 300 | |a 227 p | ||
| 942 | |c BK | ||
| 945 | |d 19940820 00:00:00 |a rbrito | ||
| 260 | |a Barcelona |b Ceac |c 1989 | ||
| 650 | 0 | |a Ambiente de clases |9 328990 | |
| 650 | 0 | |a Métodos de enseñanza |9 270413 | |
| 583 | |a last modification |c 20170828 01:39:03 |k Rodrigo Vera | ||
| 999 | |c 229901 |d 229899 | ||
| 952 | |0 0 |1 0 |4 0 |6 371_102400000000000_COM_1989 |7 0 |8 A |9 231616 |a BIBEDU |b BIBEDU |d 2019-11-15 |i 2945460 |o 371.1024 COM 1989 |p 2945460 |r 2019-11-15 |w 2019-11-15 |y BK |k EDU | ||